000
00347nam a2200133Ia 4500
008
151213s9999 xx 000 0 und d
100
_a
Stephen E. Lucas
245
_a
The Art of Public Speaking
_c
Stephen E. Lucas
260
_a
Sydney
_b
Mc Graw Hill
_c
2001
300
_a
1986 p.
650
_a
Reference
700
_a
Stephen E. Lucas
999
_c
1453
_d
1453